Limitované položky upravujúce základ dane právnickej osoby

Zmeny pri výbere dane zrážkou podľa §43 zákona č. 595/2003 Z. z. o dani z príjmov v znení neskorších predpisov od 1.1.2018. Výdavky na sponzorské v športe. Limit vstupnej ceny a nájomného pri osobných automobiloch. Členské príspevky právnicekj osobe. Reklamné predmety. Limit výdavkov na žiakov. Prí...

ver descrição completa

Na minha lista:
Detalhes bibliográficos
Autor principal: Petrovická, Iveta
Formato: Capítulo de Livro
Idioma:eslovaco
Assuntos:
Tags: Adicionar Tag
Sem tags, seja o primeiro a adicionar uma tag!

MARC

LEADER 00000naa a2200000 4500
001 0241096
005 20180828125255.1
041 0 |a slo 
044 |a SK 
245 1 0 |a Limitované položky upravujúce základ dane právnickej osoby  |c Iveta Petrovická 
520 |a Zmeny pri výbere dane zrážkou podľa §43 zákona č. 595/2003 Z. z. o dani z príjmov v znení neskorších predpisov od 1.1.2018. Výdavky na sponzorské v športe. Limit vstupnej ceny a nájomného pri osobných automobiloch. Členské príspevky právnicekj osobe. Reklamné predmety. Limit výdavkov na žiakov. Príklady z praxe. 
610 2 0 |a dane z príjmov 
610 2 0 |a odpisy daňové 
610 2 0 |a Slovensko 
610 2 0 |a novelizácia 
610 2 0 |a úpravy právne 
100 1 |a Petrovická, Iveta